| 000 | 00456nam a2200181Ia 4500 | ||
|---|---|---|---|
| 001 | 9402 | ||
| 005 | 20260306161715.0 | ||
| 008 | 260306t2010||||xx |||||||||||||| ||spa|| | ||
| 041 | _aESP | ||
| 082 |
_a378.4 _bM86 |
||
| 100 |
_aMora, José Ginés _eAUT |
||
| 245 | 0 | _aGood practices in university - enterprise partnersships GOODUEP | |
| 260 | _c2010 | ||
| 300 |
_a184 páginas : _c24 cm. |
||
| 650 | _aGEN | ||
| 654 | _aCED | ||
| 942 |
_cLIB _dJUS _fJUS _2ddc _n |
||
| 999 |
_c9402 _d9402 |
||